00278nam a2200109Ia 4500100002200000654001600022245005800038260003200096082002000128300000800148546001200156 aDailley/Denton J  aoperational aOperational Amplifiers and Linear Integrated circuits bMcGraw HillaNew Yorkc1989 a621.381535bSAI a418 aENGLISH